000 00315nam a2200109Ia 4500
008 160531s9999 xx 000 0 und d
100 _aSantoro, Bianca.
245 _aIntroduction to Evolution Equations in Geometry
245 _cby Bianca Santoro
260 _c2012
856 _uhttp://arxiv.org/pdf/1205.1039v1.pdf
999 _c295124
_d295124